000 01178nam a2200313 u 4500
005 20191224041640.0
008 140306t2001 cr d||||r|||| 00| 0 spa d
040 _aCO-BoIAVH
_cCO-BoIAVH
041 0 _aspa
044 _acr
082 0 4 _a634.95
_bS11a
100 1 _aSabogal, César
_eautor
245 1 0 _aAplicación de un tratamiento silvicultural experimental en un bosque de La Lupe, río San Juan, Nicaragua /
_cCésar Sabogal [ y otros 3]
260 _aTurrialba (Costa Rica) :
_bCATIE. Unidad de Manejo de Bosques Naturales,
_c2001.
300 _axi, 37 páginas :
_btablas ;
_c24 x 16 cm.
490 0 _aSerie técnica. Informe técnico / CATIE ;
_v324
500 _aIncluye anexo.
504 _aIncluye referencias bibliográficas.
650 2 6 _aBosque tropical
650 2 6 _aSilvicultura
650 1 4 _aTratamientos silviculturales
650 2 6 _aBosque
_xuso sostenible
650 2 6 _aDinámica de poblaciones
662 _aNicaragua
_cRío San Juan
700 1 _aCastillo, Alfonso
_eautor
700 1 _aMejía, Alejandro
_eautor
700 1 _aCastañeda, Armando
_eautor
942 _cLIBRO
_2ddc
999 _c2536
_d2536